000 00375nam a2200133Ia 4500
008 210430s9999 xx 000 0 und d
020 _a978-81-265-2489-1
082 _a660.0285 F4911I
100 _aBruce A. Finlayson
_992093
245 _aIntroduction to Chemical Engineering Computing /
_cFinlayson
260 _aIndia
_bWiley
_c2010
300 _a339 p
942 _cBK
_2ddc
999 _c564946
_d564946